Statistics for Largest City By Lake

Click here to take the quiz!

General Stats

  • This quiz has been taken 26 times
  • The average score is 8 of 21

Answer Stats

LakeCity% Correct
Lake MichiganChicago
96%
Lake OntarioToronto
96%
Lake Saint ClairDetroit
83%
Lake ErieCleveland
74%
Lake PontchartrainNew Orleans
70%
Caspian SeaBaku
65%
Lake NicaraguaManagua
61%
Lake VictoriaKampala
52%
Dead SeaAmman
48%
Lake ChamplainBurlington
35%
Lake TicticaLa Paz
35%
Lake SuperiorThunder Bay
30%
Lake LadogaSt Petersburg
22%
MarkermeerAmsterdam
17%
Lake BaikalIrkutsk
13%
Lake HuronSarnia
13%
Lake GardaVerona
13%
Lake TanganyikaBujumbura
9%
MalarenStockholm
9%
Lake TaiShanghai
4%
Lake NubiaAswan
0%

Score Distribution

Percentile by Number Answered

Percent of People with Each Score

Your Score History

You have not taken this quiz